000 00743nam a22002297a 4500
003 OSt
005 20250710100937.0
008 250710b |||||||| |||| 00| 0 eng d
020 _a978-981-5200-19-5
040 _aDWC-Main Lib
_cOC
082 _aCirc. 610.73 F981 2024
100 _aDelaune, Sue C.
245 _aFundamentals of nursing/
_cSue C. Delaune [and four others]
250 _a2nd edition
260 _aSingapore :
_bCengage Learning Asia Pte Ltd,
_cc2024.
300 _axxiii, 1221 pages :
_billustrations ;
_c26cm.
504 _aIncludes index and glossary.
650 _a1. Fundamentals of nursing.
650 _a2. Nursing.
650 _a3. Nursing - Study and teaching.
942 _2ddc
_cBK-CIRC
_e2nd edition
_kCirc.
_n0
999 _c3605
_d3605